Online
Catalog

Origen histórico de la dictadura en Santo Domingo y medidas que pueden prevenir su repetición. : (Record no. 32455)

MARC details
000 -CABECERA
campo de control de longitud fija 00594nam a2200157 a 4500
001 - NÚMERO DE CONTROL
campo de control 000032964
005 - FECHA Y HORA DE LA ÚLTIMA TRANSACCIÓN
campo de control 20200930065936.0
008 - DATOS DE LONGITUD FIJA--INFORMACIÓN GENERAL
campo de control de longitud fija 110804s1960 xxu 000 0 spa d
040 ## - FUENTE DE LA CATALOGACIÓN
Centro catalogador/agencia de origen DO-SdBNP
Lengua de catalogación spa
Centro/agencia transcriptor BNPHU
082 ## - NÚMERO DE LA CLASIFICACIÓN DECIMAL DEWEY
Número de clasificación xxxx
Número de documento/Ítem O69
049 ## - FONDOS LOCALES (OCLC)
Fondos de biblioteca BNPD
100 1# - ENTRADA PRINCIPAL--NOMBRE DE PERSONA
Nombre de persona Genao, Francisco C.
9 (RLIN) 58703
245 10 - MENCIÓN DE TÍTULO
Título Origen histórico de la dictadura en Santo Domingo y medidas que pueden prevenir su repetición. :
Resto del título conferencia pronunciada en Chicago con motivo del 116 aniversario de la indepencia Dominicana /
Mención de responsabilidad, etc. Francisco C. Genao.
260 ## - PUBLICACIÓN, DISTRIBUCIÓN, ETC.
Lugar de publicación, distribución, etc. Chicago, :
Nombre del editor, distribuidor, etc. [s.n.],
Fecha de publicación, distribución, etc. 1960.
300 ## - DESCRIPCIÓN FÍSICA
Extensión 36 p. ;
Dimensiones 14 cm.
Holdings
Estado de retiro Estado de pérdida Restricciones de uso No para préstamo Código de colección Localización permanente Ubicación/localización actual Ubicación en estantería Fecha de adquisición Número de inventario Total de préstamos Signatura topográfica completa Código de barras Fecha visto por última vez Precio válido a partir de Tipo de ítem Koha Nota pública
      Excluido de préstamo Raros y valiosos Patrimonio Dominicano Patrimonio Dominicano En catalogación 04.08.2011 LF1   xxxx O69 32964-10 25.06.2020 25.06.2020 No se presta Perteneció a la biblioteca personal de Carlos Larrazábal Blanco

Powered by Koha